| 000 -LEADER |
| fixed length control field |
01148nam a2200229Ia 4500 |
| 001 - CONTROL NUMBER |
| control field |
18183 |
| 003 - CONTROL NUMBER IDENTIFIER |
| control field |
GE_BSU |
| 008 - FIXED-LENGTH DATA ELEMENTS--GENERAL INFORMATION |
| fixed length control field |
181216s||||||||xx |||||||||||||| ||und|| |
| 020 ## - INTERNATIONAL STANDARD BOOK NUMBER |
| International Standard Book Number |
9994055186 |
| 040 ## - CATALOGING SOURCE |
| Transcribing agency |
GE_BSU |
| 080 ## - UNIVERSAL DECIMAL CLASSIFICATION NUMBER |
| Universal Decimal Classification number |
271.222-9(479.22) |
| 245 ## - TITLE STATEMENT |
| Title |
წმიდა გრიგოლ ხანძთელი=St.Grigol Khandzteli |
| 245 ## - TITLE STATEMENT |
| Statement of responsibility, etc. |
შემდგ.: მანანა ტუსკია |
| 250 ## - EDITION STATEMENT |
| Edition statement |
დაიბეჭდა უწმინდესისა და უნეტარესის,სრულიად საქართველოს კათოლიკოს-პატრიარქის ილია II-ის ლოცვა-კურთხევით |
| 260 ## - PUBLICATION, DISTRIBUTION, ETC. |
| Place of publication, distribution, etc. |
თბილისი |
| 260 ## - PUBLICATION, DISTRIBUTION, ETC. |
| Name of publisher, distributor, etc. |
არტანუჯი |
| 260 ## - PUBLICATION, DISTRIBUTION, ETC. |
| Date of publication, distribution, etc. |
2006 |
| 300 ## - PHYSICAL DESCRIPTION |
| Extent |
225გვ.30სმ. |
| 520 ## - SUMMARY, ETC. |
| Summary, etc. |
გარეკანზე ხანძთის წმ.გიორგის მონასტერი. ბუბა კუდავას ფოტო. რეზ. ინგ. ენ. |
| 653 ## - INDEX TERM--UNCONTROLLED |
| Uncontrolled term |
წმიდა გრიგოლ ხანძთელი=St.Grigol Khandzteli |
| 942 ## - ADDED ENTRY ELEMENTS (KOHA) |
| Koha item type |
წიგნი |